00718nam a22001937a 4500003000900000008004100009040007100050082001700121100003000138245004000168260002800208300002800236440002600264505014600290650002400436650001800460650002300478650002300501AR-CdUCM190521b ||||| |||| 00| 0 spa d aMUNICIPALIDAD PROVINCIAL DEL CUSCOcBIBLIOTECA MUNICIPAL DEL CUSCO a342.1 /bG71 aGonzalez Dittoni, Enrique aTextos internacionales del Perú / aLima :bDel sol,c1962. a529 páginas ;c25 cm. aBiblioteca de derecho aContenido : Acta de la jura de la independencia -- Loa limites del Perú en los tratados internacionales -- Dominio marítimo del Perú... aHistoria del Perú aIndependencia aLimites del Perú aDominio marítimo